000 00729nam a2200289Ia 4500
005 20260324132646.0
008 008 260324s9999 xx 000 0 eng d
020 _a9780203596012
037 _aEBOOK
040 _aCRL
040 _beng
040 _cCRL
041 _2eng
041 _aeng
084 _qCRL
100 _aFelicity Armstrong; Michele Moore
_91190125
245 0 _aAction Research for Inclusive Education
245 0 _bChanging Places, Changing Practices, Changing Minds
260 _bTaylor and Francis
260 _c2004
365 _a
365 _b230
856 _uhttp://www.taylorfrancis.com/books/9780203596012
942 _cEBOOK
999 _c1788422
_d1788422